[Event "Kasseler Schachtage Gruppe A"]
[Site "Vellmar"]
[Date "2009.07.31"]
[Round "2.8"]
[White "Werner, Alexander"]
[Black "Hagedorn, Florian"]
[Result "1-0"]
[WhiteElo "2080"]
[BlackElo "1703"]
[PlyCount "77"]
[EventDate "2009.??.??"]
[EventCountry "GER"]
[WhiteTeam "SC 1947 Immenhausen"]
[BlackTeam "LSV Turm Lippstadt"]

1. e4 d5 2. exd5 Qxd5 3. Nc3 Qa5 4. d4 c6 5. Bc4 Bf5 6. Nf3 Nf6 7. Ne5 e6 8. g4
Bg6 9. h4 Be4 10. Rh3 Bd6 11. Qe2 Bd5 12. Bd3 h6 13. Bd2 Qc7 14. f4 Na6 15. a3
Nb8 16. Nd1 b5 17. b3 c5 18. Bxb5+ Kf8 19. dxc5 Qxc5 20. Be3 Qc7 21. Bd4 Bc5
22. Rc3 Ne4 23. Bxc5+ Kg8 24. Bd4 Nxc3 25. Nxc3 Bb7 26. Be8 Nc6 27. Bxf7+ Qxf7
28. Nxf7 Nxd4 29. Qf2 Nf3+ 30. Kf1 Kxf7 31. Rd1 Rhd8 32. Rxd8 Rxd8 33. Qxa7 Rd7
34. Nb5 Bc6 35. Qc5 Rd1+ 36. Kf2 Rd2+ 37. Ke3 Bd5 38. Nd6+ Kf6 39. Ne4+ 1-0

[Event "Kasseler Schachtage Gruppe A"]
[Site "Vellmar"]
[Date "2009.07.31"]
[Round "2.9"]
[White "Lüchtemeier, Peter"]
[Black "Klüting, Reiner"]
[Result "0-1"]
[WhiteElo "2279"]
[BlackElo "2082"]
[PlyCount "130"]
[EventDate "2009.??.??"]
[EventCountry "GER"]
[WhiteTeam "Kasseler SK 1876"]
[BlackTeam "Schachverein Wattenscheid 1930"]

1. Nf3 d5 2. d4 e6 3. c4 Nf6 4. Nc3 c6 5. Bg5 Nbd7 6. e3 Qa5 7. Nd2 Bb4 8. Qc2
Ne4 9. Ndxe4 dxe4 10. Bh4 Bxc3+ 11. bxc3 f5 12. Be2 O-O 13. O-O Nf6 14. Bg3 Nd7
15. f3 exf3 16. gxf3 Qd8 17. Kh1 Qf6 18. e4 e5 19. exf5 exd4 20. cxd4 Nb6 21.
Be5 Bxf5 22. Qb3 Qf7 23. Rae1 Be6 24. Rg1 g6 25. Rc1 Rad8 26. Rg3 Nc8 27. Qa3
Ne7 28. d5 cxd5 29. cxd5 Nxd5 30. Ba1 Rc8 31. Rxc8 Rxc8 32. Qb2 Kf8 33. Rg1 b6
34. Re1 Rc3 35. Kg1 Qf4 36. Bd1 Bh3 37. Qf2 Re3 38. Rxe3 Nxe3 39. Be2 Qg5+ 40.
Qg3 Qxg3+ 41. hxg3 Be6 42. a4 Bb3 43. Bb5 Bc4 44. Bc6 Bd5 45. Bxd5 Nxd5 46. Kf2
Ke7 47. Bb2 Kd6 48. Ba3+ Kc6 49. f4 Nc3 50. a5 bxa5 51. g4 Kd5 52. Ke3 Nb5 53.
Bb2 Nd6 54. Bd4 a6 55. Kd3 Nb5 56. Ba1 a4 57. f5 gxf5 58. gxf5 Nd6 59. f6 h5
60. Bb2 Ke6 61. Ke2 Ne4 62. Kf3 Nxf6 63. Kf4 h4 64. Ba3 Kd5 65. Kg5 h3 0-1

[Event "Kasseler Schachtage Gruppe A"]
[Site "Vellmar"]
[Date "2009.07.31"]
[Round "2.10"]
[White "Austein, Hartmut"]
[Black "Röhle, Timo"]
[Result "1-0"]
[WhiteElo "1895"]
[BlackElo "1983"]
[PlyCount "39"]
[EventDate "2009.??.??"]
[EventCountry "GER"]
[WhiteTeam "Ahnataler SC 1969 e.V. (ASC69)"]
[BlackTeam "Schachclub Schalksmühle-Hülschei"]

1. d4 Nf6 2. Nc3 d5 3. Bg5 e6 4. e4 h6 5. Bxf6 gxf6 6. exd5 exd5 7. Bd3 Rg8 8.
Qf3 c6 9. O-O-O Be6 10. Nge2 Be7 11. Bf5 Qd7 12. Bxe6 fxe6 13. Nf4 e5 14. dxe5
fxe5 15. Qh5+ Kd8 16. Nfxd5 cxd5 17. Rxd5 Bd6 18. Rhd1 Qg7 19. Rxd6+ Kc8 20.
Qf5+ 1-0

[Event "Kasseler Schachtage Gruppe A"]
[Site "Vellmar"]
[Date "2009.07.31"]
[Round "2.11"]
[White "Müller, Joachim"]
[Black "Jäger, Frank"]
[Result "1-0"]
[WhiteElo "2058"]
[BlackElo "1902"]
[PlyCount "61"]
[EventDate "2009.??.??"]
[EventCountry "GER"]
[WhiteTeam "Mündener SC von 1925"]
[BlackTeam "SC Grauer Turm Fritzlar"]

1. d4 Nf6 2. c4 g6 3. Nc3 d5 4. cxd5 Nxd5 5. e4 Nxc3 6. bxc3 Bg7 7. Bc4 O-O 8.
Ne2 c5 9. O-O cxd4 10. cxd4 Nc6 11. Be3 a6 12. Rc1 Na5 13. Bd3 b5 14. Qc2 Bb7
15. f3 Nc6 16. e5 Qd7 17. Be4 Rfd8 18. Rfd1 Rac8 19. Ng3 Nb8 20. Qb2 Rxc1 21.
Rxc1 Nc6 22. Ne2 Na5 23. Bxb7 Qxb7 24. Ng3 Nc4 25. Rxc4 Qb6 26. Rc3 Qe6 27. Ne4
Qd5 28. Qc2 b4 29. Rc5 Qb7 30. Rc7 Qb6 31. Qc5 1-0

[Event "Kasseler Schachtage Gruppe A"]
[Site "Vellmar"]
[Date "2009.07.31"]
[Round "2.13"]
[White "Ruff, Maximilian"]
[Black "Powalla, Klaus"]
[Result "1/2-1/2"]
[WhiteElo "1986"]
[BlackElo "1885"]
[PlyCount "42"]
[EventDate "2009.??.??"]
[EventCountry "GER"]
[WhiteTeam "SC Brandeck-Turm Ohlsbach e.V."]
[BlackTeam "SV CAISSA e. V. Kassel"]

1. e4 g6 2. d4 Bg7 3. Nf3 d6 4. c4 Nd7 5. Nc3 e6 6. Be2 Ne7 7. O-O O-O 8. Be3
a6 9. Qc2 f5 10. Rad1 fxe4 11. Nxe4 Nf5 12. Ng3 Nxe3 13. fxe3 Qe7 14. Bd3 e5
15. Ne4 Nf6 16. Nxf6+ Rxf6 17. d5 Bg4 18. Rde1 Raf8 19. Nd2 Rxf1+ 20. Rxf1
Rxf1+ 21. Bxf1 Bh6 1/2-1/2

[Event "Kasseler Schachtage Gruppe A"]
[Site "Vellmar"]
[Date "2009.07.31"]
[Round "2.14"]
[White "Braun, Ingram"]
[Black "Sivaji, Siva"]
[Result "0-1"]
[WhiteElo "1972"]
[BlackElo "1812"]
[PlyCount "108"]
[EventDate "2009.??.??"]
[EventCountry "GER"]
[WhiteTeam "ESV Rot-Weiß Göttingen"]
[BlackTeam "SK Luzern"]

1. e4 c5 2. Nc3 d6 3. g3 Nf6 4. Bg2 g6 5. d3 Bg7 6. f4 Nc6 7. Nge2 Bg4 8. h3
Bxe2 9. Qxe2 Nd4 10. Qf2 Rb8 11. Nd1 b5 12. c3 Ne6 13. O-O O-O 14. Bd2 a5 15.
a3 Nd7 16. Rb1 b4 17. axb4 cxb4 18. Ne3 Nec5 19. d4 Na4 20. e5 dxe5 21. fxe5 e6
22. cxb4 axb4 23. Ng4 f5 24. Ne3 b3 25. Nc4 Nab6 26. Na5 Rc8 27. Nxb3 Nc4 28.
Bb4 Rf7 29. Nc5 Nxc5 30. Bxc5 Bh6 31. Rfe1 f4 32. b4 fxg3 33. Qxg3 Bf4 34. Qg4
Qe8 35. Kh1 Ne3 36. Qf3 Bg5 37. Qe2 Nf5 38. Qd3 Nh4 39. Rf1 Bf4 40. Be4 Qd8 41.
Rb2 Qg5 42. Rg1 Qh6 43. b5 Be3 44. Rf1 Qg5 45. Qe2 Qg3 46. Bg2 Bf4 47. Rxf4
Rxf4 48. b6 Nf3 49. Bxf3 Qxh3+ 50. Qh2 Qxf3+ 51. Rg2 Ra8 52. Qg3 Ra1+ 53. Kh2
Qh5+ 54. Qh3 Rh1+ 0-1

[Event "Kasseler Schachtage Gruppe A"]
[Site "Vellmar"]
[Date "2009.07.31"]
[Round "2.15"]
[White "Wiese, Uwe"]
[Black "Schröder, Klaus"]
[Result "0-1"]
[WhiteElo "1837"]
[BlackElo "1966"]
[PlyCount "92"]
[EventDate "2009.??.??"]
[EventCountry "GER"]
[WhiteTeam "SK Goslar"]
[BlackTeam "Karlsruher SF 1853"]

1. Nf3 Nf6 2. d4 d5 3. e3 c6 4. c4 Bf5 5. Nc3 e6 6. Be2 Bd6 7. O-O h6 8. Nh4
Bh7 9. f4 Ne4 10. Nf3 Nd7 11. Ne5 O-O 12. cxd5 Nxc3 13. bxc3 cxd5 14. Bd3 Bxd3
15. Qxd3 Rc8 16. Bd2 Nf6 17. c4 Bxe5 18. dxe5 dxc4 19. Qxd8 Rfxd8 20. Ba5 Rd5
21. exf6 Rxa5 22. fxg7 Kxg7 23. a4 Rc7 24. Kf2 b5 25. axb5 Rxb5 26. Rfc1 Rb2+
27. Kf3 f5 28. Ra3 Kf6 29. Rac3 Rb4 30. e4 a5 31. e5+ Ke7 32. g4 a4 33. gxf5
exf5 34. Ke2 Rb2+ 35. Ke3 Rxh2 36. Rxc4 Rh3+ 37. Kf2 Rxc4 38. Rxc4 a3 39. Ra4
Rb3 40. Ra7+ Kf8 41. Ra8+ Kg7 42. Ra7+ Kg6 43. Ra5 Rb2+ 44. Kg3 a2 45. Ra6+ Kh5
46. Ra3 Rb3+ 0-1

[Event "Kasseler Schachtage Gruppe A"]
[Site "Vellmar"]
[Date "2009.07.31"]
[Round "2.16"]
[White "Fankhaenel, Torsten"]
[Black "Schein, Henning"]
[Result "1/2-1/2"]
[WhiteElo "1953"]
[BlackElo "1787"]
[PlyCount "50"]
[EventDate "2009.??.??"]
[EventCountry "GER"]
[WhiteTeam "SV Anderssen Arolsen"]
[BlackTeam "SC 1947 Immenhausen"]

1. d4 Nf6 2. Nf3 g6 3. Bg5 Bg7 4. e3 O-O 5. c4 d6 6. Nc3 Qe8 7. Be2 e5 8. dxe5
dxe5 9. O-O Bf5 10. Qb3 Nc6 11. Rad1 Rb8 12. Bxf6 Bxf6 13. Nd5 Qd8 14. Rd2 Bg7
15. Rfd1 e4 16. Nd4 Nxd4 17. exd4 Bh6 18. Ne3 Qg5 19. d5 Rfd8 20. d6 cxd6 21.
Nxf5 Qxf5 22. Rxd6 Rxd6 23. Rxd6 Bf8 24. Rd5 Qf6 25. Qe3 Qb6 1/2-1/2

[Event "Kasseler Schachtage Gruppe A"]
[Site "Vellmar"]
[Date "2009.07.31"]
[Round "2.17"]
[White "Jaeschke, Felix"]
[Black "Hagedorn, Alfons"]
[Result "0-1"]
[WhiteElo "1809"]
[BlackElo "1953"]
[PlyCount "86"]
[EventDate "2009.??.??"]
[EventCountry "GER"]
[WhiteTeam "SK 1947 Sandhausen e.V."]
[BlackTeam "LSV Turm Lippstadt"]

1. e4 d5 2. exd5 Qxd5 3. Nf3 Bg4 4. Be2 Nc6 5. Nc3 Qd7 6. O-O O-O-O 7. Ng5 Bxe2
8. Qxe2 e6 9. Nf3 Nf6 10. d3 a6 11. Ne4 Nd5 12. a3 h6 13. b4 f5 14. Ng3 g5 15.
Bb2 Nf4 16. Qe3 Rg8 17. Ne2 Nd5 18. Qd2 Bd6 19. c4 Bf4 20. Qd1 Nde7 21. Nxf4
gxf4 22. d4 Qe8 23. Qe2 Qg6 24. g3 fxg3 25. fxg3 f4 26. Rae1 Nf5 27. Qxe6+ Qxe6
28. Rxe6 fxg3 29. d5 Nce7 30. Bf6 Rd6 31. Rfe1 Rxe6 32. Rxe6 gxh2+ 33. Kxh2 Ng6
34. Re4 Rf8 35. Bc3 Nd6 36. Re3 Nxc4 37. Rd3 Nd6 38. Nd4 Ne4 39. Ne6 Rf2+ 40.
Kg1 Nh4 41. Be5 Nf3+ 42. Kh1 Nxe5 43. Re3 Nf3 0-1

[Event "Kasseler Schachtage Gruppe A"]
[Site "Vellmar"]
[Date "2009.07.31"]
[Round "2.18"]
[White "Stährfeldt, Philipp"]
[Black "Süß, Stefan"]
[Result "1-0"]
[WhiteElo "1932"]
[BlackElo "1674"]
[PlyCount "81"]
[EventDate "2009.??.??"]
[EventCountry "GER"]
[WhiteTeam "Kasseler SK 1876"]
[BlackTeam "Mosbacher SC von 1931"]

1. f4 Nf6 2. Nf3 d6 3. Nc3 c5 4. e3 g6 5. Be2 Bg7 6. d3 O-O 7. O-O Nc6 8. Rb1
Re8 9. a3 a5 10. Qe1 e5 11. e4 Bg4 12. Qh4 Bxf3 13. Bxf3 Nd4 14. Bd1 b5 15.
fxe5 dxe5 16. Bg5 Ra6 17. Nd5 Ree6 18. c3 Qd6 19. Bxf6 Bxf6 20. Nxf6+ Rxf6 21.
Qxf6 Qxf6 22. Rxf6 Rxf6 23. cxd4 exd4 24. Rc1 Rc6 25. Bb3 a4 26. Bd5 Rc7 27.
Kf2 Kg7 28. Kf3 f6 29. Rc2 h6 30. Kf4 Kf8 31. e5 f5 32. e6 Ke7 33. Ke5 h5 34.
Ba2 Rc8 35. Kd5 Rd8+ 36. Kc6 Rc8+ 37. Kxb5 Kd6 38. Kxa4 Rb8 39. Re2 Ke7 40. b4
cxb4 41. axb4 1-0

[Event "Kasseler Schachtage Gruppe A"]
[Site "Vellmar"]
[Date "2009.07.31"]
[Round "3.1"]
[White "Markgraf, Alexander"]
[Black "Just, Wolfgang"]
[Result "1-0"]
[WhiteElo "2463"]
[BlackElo "2173"]
[PlyCount "53"]
[EventDate "2009.??.??"]
[EventCountry "GER"]
[WhiteTeam "SC Tempo Göttingen"]
[BlackTeam "SV Lok Leipzig-Mitte"]

1. d4 e6 2. Nf3 f5 3. g3 b6 4. d5 Bb7 5. dxe6 dxe6 6. Qxd8+ Kxd8 7. Bg2 Bd6 8.
O-O Nf6 9. b3 Ke7 10. Bb2 Nbd7 11. Nbd2 Rhd8 12. Rfe1 Nc5 13. Nc4 Nce4 14. Nd4
Bc5 15. e3 Nd5 16. a3 a5 17. Ne5 Bxd4 18. exd4 Ndf6 19. a4 Nd7 20. Nd3 Kf7 21.
Rad1 c5 22. f3 Nef6 23. dxc5 Nxc5 24. Ne5+ Ke7 25. Nc4 Rxd1 26. Rxd1 Ncd7 27.
Ba3+ 1-0

[Event "Kasseler Schachtage Gruppe A"]
[Site "Vellmar"]
[Date "2009.07.31"]
[Round "3.2"]
[White "Haucke, Alexander"]
[Black "Werner, Alexander"]
[Result "1-0"]
[WhiteElo "2210"]
[BlackElo "2080"]
[PlyCount "65"]
[EventDate "2009.??.??"]
[EventCountry "GER"]
[WhiteTeam "Delmenhorster SK V 1931"]
[BlackTeam "SC 1947 Immenhausen"]

1. Nf3 Nf6 2. c4 d6 3. d4 g6 4. Nc3 Bg7 5. e4 O-O 6. Be2 e5 7. Be3 Nc6 8. d5
Ne7 9. Nd2 Ne8 10. a4 f5 11. f3 f4 12. Bf2 g5 13. c5 Rf6 14. Nc4 Rg6 15. Nb5 a6
16. cxd6 axb5 17. dxe7 Qxe7 18. axb5 Qb4+ 19. Kf1 Rxa1 20. Qxa1 g4 21. Qa3 Qf8
22. Qxf8+ Kxf8 23. Bc5+ Kg8 24. b6 c6 25. dxc6 Rxc6 26. b4 gxf3 27. gxf3 Bh3+
28. Ke1 Rh6 29. Rg1 Kh8 30. Na5 Bc8 31. Bc4 Nd6 32. Bd5 Nb5 33. Bf8 1-0

[Event "Kasseler Schachtage Gruppe A"]
[Site "Vellmar"]
[Date "2009.07.31"]
[Round "3.3"]
[White "Faynberg, Roman"]
[Black "Cherny, Andrey"]
[Result "*"]
[WhiteElo "2026"]
[BlackElo "2204"]
[PlyCount "35"]
[EventDate "2009.??.??"]
[EventCountry "GER"]
[WhiteTeam "SC Fuldatal"]
[BlackTeam "SK Baunatal 1963"]

1. Nf3 b6 2. c4 c5 3. Nc3 Bb7 4. d4 cxd4 5. Nxd4 g6 6. e4 Bg7 7. Be3 Na6 8. Qd2
d6 9. f3 h5 10. Be2 h4 11. O-O Nf6 12. Rad1 Nc5 13. Nd5 Ncd7 14. Nb5 Kf8 15.
Bf4 Nxd5 16. cxd5 Bf6 17. Be3 a6 18. Nd4 *

[Event "Kasseler Schachtage Gruppe A"]
[Site "Vellmar"]
[Date "2009.07.31"]
[Round "3.4"]
[White "Jaeschke, Benno"]
[Black "Konczak, Carsten"]
[Result "1-0"]
[WhiteElo "2202"]
[BlackElo "2045"]
[PlyCount "45"]
[EventDate "2009.??.??"]
[EventCountry "GER"]
[WhiteTeam "SK 1947 Sandhausen e.V."]
[BlackTeam "SV Bückeburg"]

1. d4 d5 2. c4 e6 3. Nc3 Nf6 4. Bg5 c5 5. cxd5 Qb6 6. Bxf6 Qxb2 7. Qc1 Qxc1+ 8.
Rxc1 gxf6 9. Nf3 cxd4 10. Nxd4 Bb4 11. e4 Rg8 12. g3 Bd7 13. Ndb5 Na6 14. a3
Be7 15. Be2 Kf8 16. O-O Nc5 17. Rfd1 e5 18. d6 Bd8 19. f3 Ne6 20. Nd5 a6 21.
Nbc7 Rb8 22. Nb6 Bc6 23. Rxc6 1-0

[Event "Kasseler Schachtage Gruppe A"]
[Site "Vellmar"]
[Date "2009.07.31"]
[Round "3.5"]
[White "Klüting, Reiner"]
[Black "Löwe, Lennard"]
[Result "1/2-1/2"]
[WhiteElo "2082"]
[BlackElo "2018"]
[PlyCount "45"]
[EventDate "2009.??.??"]
[EventCountry "GER"]
[WhiteTeam "Schachverein Wattenscheid 1930"]
[BlackTeam "HSK-Post Hannover"]

1. e4 c5 2. Nf3 e6 3. d4 cxd4 4. c3 dxc3 5. Nxc3 Nc6 6. Bc4 Qc7 7. O-O Nf6 8.
Re1 Ng4 9. h3 Nge5 10. Nb5 Qb8 11. Bf4 a6 12. Nc3 Bd6 13. Nxe5 Nxe5 14. Bb3 O-O
15. Be3 Bc7 16. f4 Ng6 17. f5 Ne5 18. f6 gxf6 19. Rf1 b5 20. Bh6 Qb6+ 21. Kh1
Re8 22. Rxf6 Qd6 23. Nd5 1/2-1/2

[Event "Kasseler Schachtage Gruppe A"]
[Site "Vellmar"]
[Date "2009.07.31"]
[Round "3.6"]
[White "Kartsev, Soel"]
[Black "Austein, Hartmut"]
[Result "1-0"]
[WhiteElo "2243"]
[BlackElo "1895"]
[PlyCount "101"]
[EventDate "2009.??.??"]
[EventCountry "GER"]
[WhiteTeam "Schachfreunde Brackel 1930 e.V."]
[BlackTeam "Ahnataler SC 1969 e.V. (ASC69)"]

1. e4 c5 2. c3 d5 3. exd5 Qxd5 4. d4 e6 5. Nf3 Nc6 6. Na3 cxd4 7. Nb5 Bd6 8.
Nxd6+ Qxd6 9. Be3 Nge7 10. Nxd4 O-O 11. Be2 Nxd4 12. Qxd4 Qxd4 13. Bxd4 Bd7 14.
O-O-O Bc6 15. f3 Rfd8 16. c4 f6 17. b3 Kf7 18. Kb2 Ng6 19. g3 Nf8 20. Be3 Nd7
21. Rhf1 e5 22. Rd6 Nf8 23. Rfd1 Rxd6 24. Rxd6 Ne6 25. b4 Ke7 26. Rd2 b6 27.
Kb3 Rd8 28. Rxd8 Kxd8 29. b5 Be8 30. Kb4 Kc7 31. c5 Bf7 32. a4 f5 33. a5 bxa5+
34. Kxa5 Kb8 35. Bd3 g6 36. c6 Nc7 37. Bc5 Bd5 38. Bd6 Kc8 39. b6 axb6+ 40.
Kxb6 Ne8 41. Kc5 Bxf3 42. Bxe5 Nc7 43. Bc4 g5 44. Bf6 h6 45. Bg7 h5 46. Bf6 h4
47. gxh4 gxh4 48. Bxh4 Bg2 49. Bg3 Bh3 50. Bf4 Kd8 51. Kb6 1-0

[Event "Kasseler Schachtage Gruppe A"]
[Site "Vellmar"]
[Date "2009.07.31"]
[Round "3.7"]
[White "Hagedorn, Alfons"]
[Black "Heinelt, Manfred"]
[Result "1-0"]
[WhiteElo "1953"]
[BlackElo "2233"]
[PlyCount "55"]
[EventDate "2009.??.??"]
[EventCountry "GER"]
[WhiteTeam "LSV Turm Lippstadt"]
[BlackTeam "Ahnataler SC 1969 e.V. (ASC69)"]

1. e4 c5 2. Nf3 d6 3. Bb5+ Nd7 4. O-O a6 5. Bxd7+ Bxd7 6. c3 g6 7. d4 Bg7 8.
Re1 cxd4 9. cxd4 Bg4 10. Nbd2 Nf6 11. h3 Bc8 12. Nf1 O-O 13. Ng3 b5 14. Bf4 Bb7
15. Qd2 Rc8 16. Bh6 Rc4 17. Bxg7 Kxg7 18. b3 Rc7 19. Qg5 e6 20. e5 Nd5 21. Nh5+
Kh8 22. Nf6 Nxf6 23. exf6 Bxf3 24. gxf3 Rc3 25. Re3 Rc2 26. Re4 Rg8 27. Rh4 Qf8
28. Rh6 1-0

[Event "Kasseler Schachtage Gruppe A"]
[Site "Vellmar"]
[Date "2009.07.31"]
[Round "3.8"]
[White "Calci, Fiorino"]
[Black "Kartsev, Alexandr"]
[Result "1/2-1/2"]
[WhiteElo "1884"]
[BlackElo "2067"]
[PlyCount "78"]
[EventDate "2009.??.??"]
[EventCountry "GER"]
[WhiteTeam "SK 1950 Vellmar"]
[BlackTeam "Schachfreunde Brackel 1930 e.V."]

1. d4 d5 2. Nf3 Nf6 3. e3 e6 4. Bd3 Nbd7 5. Nbd2 Be7 6. O-O O-O 7. Re1 c5 8. c3
Qc7 9. e4 dxe4 10. Nxe4 cxd4 11. cxd4 Nxe4 12. Rxe4 Nf6 13. Rh4 Rd8 14. Bg5 h6
15. Bxh6 gxh6 16. Qd2 Ne4 17. Rxe4 f5 18. Ree1 Bf8 19. Rac1 Qg7 20. Bc4 Rd6 21.
Qf4 Kh7 22. Ne5 b6 23. Re3 Be7 24. h4 Bb7 25. Rg3 Qf6 26. Ng6 Rad8 27. Nxe7
Rxd4 28. Ng8 Rxg8 29. Qc7+ Rg7 30. Rxg7+ Qxg7 31. Qxg7+ Kxg7 32. Bxe6 Kf6 33.
Bb3 Rxh4 34. Rc7 Be4 35. f3 Bd3 36. Rxa7 Rd4 37. Kf2 Bb5 38. Rb7 Rd6 39. Rh7
Kg6 1/2-1/2

[Event "Kasseler Schachtage Gruppe A"]
[Site "Vellmar"]
[Date "2009.07.31"]
[Round "3.9"]
[White "Sivaji, Siva"]
[Black "Müller, Joachim"]
[Result "0-1"]
[WhiteElo "1812"]
[BlackElo "2058"]
[PlyCount "76"]
[EventDate "2009.??.??"]
[EventCountry "GER"]
[WhiteTeam "SK Luzern"]
[BlackTeam "Mündener SC von 1925"]

1. d4 Nf6 2. c4 g6 3. Nc3 Bg7 4. e4 d6 5. Nf3 Bg4 6. Be2 Nbd7 7. h3 Bxf3 8.
Bxf3 e5 9. d5 O-O 10. O-O Ne8 11. g4 Nb6 12. Qd3 Qh4 13. Kh2 Bh6 14. Bxh6 Qxh6
15. Ne2 Ng7 16. Rg1 Qg5 17. b4 Nd7 18. Rac1 b6 19. Rc3 Kh8 20. Ra3 Qe7 21. Ng3
f6 22. Qd2 f5 23. gxf5 gxf5 24. exf5 Nxf5 25. Nxf5 Rxf5 26. Be4 Rf4 27. Rg4
Raf8 28. f3 Rxg4 29. fxg4 Rf4 30. Bf5 Qh4 31. Kg2 Nf6 32. Rxa7 Rxc4 33. Ra8+
Kg7 34. Be6 Rd4 35. Qc2 Qe1 36. Qxc7+ Kh6 37. g5+ Kh5 38. Bg4+ Kh4 0-1

[Event "Kasseler Schachtage Gruppe A"]
[Site "Vellmar"]
[Date "2009.07.31"]
[Round "3.10"]
[White "Adomeit, Dmitri"]
[Black "Fichte, Wolfgang"]
[Result "0-1"]
[WhiteElo "1706"]
[BlackElo "2035"]
[PlyCount "98"]
[EventDate "2009.??.??"]
[EventCountry "GER"]
[WhiteTeam "Schachclub Schalksmühle-Hülschei"]
[BlackTeam "SK 1950 Vellmar"]

1. e4 e6 2. d4 d5 3. Nc3 Bb4 4. e5 Ne7 5. a3 Bxc3+ 6. bxc3 c5 7. Nf3 Qc7 8. Bg5
Nbc6 9. Bxe7 Nxe7 10. Qd2 Bd7 11. Bd3 c4 12. Be2 O-O 13. g4 f6 14. O-O Ng6 15.
Qe3 Rae8 16. Kh1 Ba4 17. Ra2 fxe5 18. Nxe5 Nxe5 19. dxe5 Bc6 20. Kg1 Rf7 21.
Rb2 Ref8 22. f4 Qe7 23. Ra2 b6 24. Qd4 Qc5 25. f5 Qxd4+ 26. cxd4 exf5 27. e6
Rf6 28. gxf5 Rxf5 29. Raa1 Rg5+ 30. Kh1 Re8 31. Rae1 Rxe6 32. Bf3 Rf6 33. c3
Rgf5 34. Kg2 Kf8 35. Re3 Rg5+ 36. Kf2 Bd7 37. Ke1 Bh3 38. Rf2 Rgf5 39. Ke2 Bg4
40. h4 Kf7 41. h5 Bxf3+ 42. Rfxf3 Rxf3 43. Rxf3 Rxf3 44. Kxf3 Kf6 45. Kf4 g5+
46. Ke3 Kf5 47. Kf3 g4+ 48. Kg3 h6 49. a4 Kg5 0-1

[Event "Kasseler Schachtage Gruppe A"]
[Site "Vellmar"]
[Date "2009.07.31"]
[Round "3.11"]
[White "Schnegelsberg, Karl-Heinz"]
[Black "Stährfeldt, Philipp"]
[Result "1-0"]
[WhiteElo "2011"]
[BlackElo "1932"]
[PlyCount "87"]
[EventDate "2009.??.??"]
[EventCountry "GER"]
[WhiteTeam "SV CAISSA e. V. Kassel"]
[BlackTeam "Kasseler SK 1876"]

1. Nf3 f5 2. g3 Nf6 3. Bg2 g6 4. O-O Bg7 5. d3 d6 6. c3 c6 7. Nbd2 e5 8. e4 Na6
9. Qc2 fxe4 10. dxe4 Nc5 11. b4 Ne6 12. Nc4 Qc7 13. Ne3 O-O 14. Bb2 Nd8 15. c4
Ng4 16. Qb3 Nxe3 17. Qxe3 Nf7 18. c5 dxc5 19. Qxc5 Bg4 20. Rac1 a6 21. a4 Rac8
22. b5 axb5 23. axb5 Bd7 24. Rfd1 Rfd8 25. Qc4 c5 26. Bf1 b6 27. Ng5 Bxb5 28.
Rxd8+ Rxd8 29. Qxf7+ Qxf7 30. Nxf7 Kxf7 31. Bxb5 Rd2 32. Bc3 Rd8 33. Ra1 Kf6
34. f4 Ke6 35. Kf2 Bf6 36. Ra6 Rb8 37. Bc4+ Kd6 38. f5 Kc6 39. Ke2 Kb7 40. Ra2
Kc6 41. fxg6 hxg6 42. Kd3 b5 43. Bd5+ Kb6 44. Ba5+ 1-0

[Event "Kasseler Schachtage Gruppe A"]
[Site "Vellmar"]
[Date "2009.07.31"]
[Round "3.12"]
[White "Schröder, Klaus"]
[Black "Shkolnyk, Boris"]
[Result "1/2-1/2"]
[WhiteElo "1966"]
[BlackElo "1886"]
[PlyCount "65"]
[EventDate "2009.??.??"]
[EventCountry "GER"]
[WhiteTeam "Karlsruher SF 1853"]
[BlackTeam "Sfr. Korbach"]

1. d4 Nf6 2. Nf3 d5 3. e3 g6 4. c4 c6 5. Nc3 Bg7 6. Be2 O-O 7. O-O dxc4 8. Bxc4
b5 9. Be2 a5 10. b3 Nbd7 11. Bb2 Nb6 12. Ne5 b4 13. Na4 Nxa4 14. bxa4 Bb7 15.
Rc1 Qd6 16. Bf3 Nd5 17. Qc2 Rfc8 18. Nd3 Ba6 19. Rfd1 Bxd3 20. Qxd3 e6 21. Rc5
Bf8 22. Rdc1 Qd7 23. R5c4 Rab8 24. Qc2 Rb6 25. Qb3 Rcb8 26. h3 h5 27. e4 Ne7
28. Rc5 Ra8 29. Qc4 Bh6 30. Rc2 Qb7 31. Qb3 Bf8 32. R2c4 Bg7 33. Rc2 {
Rest unleserlich.} 1/2-1/2

[Event "Kasseler Schachtage Gruppe A"]
[Site "Vellmar"]
[Date "2009.07.31"]
[Round "3.13"]
[White "Hagedorn, Florian"]
[Black "Lüchtemeier, Peter"]
[Result "0-1"]
[WhiteElo "1703"]
[BlackElo "2279"]
[PlyCount "112"]
[EventDate "2009.??.??"]
[EventCountry "GER"]
[WhiteTeam "LSV Turm Lippstadt"]
[BlackTeam "Kasseler SK 1876"]

1. e4 c6 2. d4 d5 3. exd5 cxd5 4. Nf3 Nc6 5. Bb5 Bg4 6. c3 Nf6 7. O-O e6 8. Bg5
Bd6 9. Qa4 O-O 10. Nbd2 Qc7 11. Bd3 Bh5 12. Qc2 Bg6 13. Bxg6 hxg6 14. Bh4 b5
15. Bg3 Rfc8 16. Rac1 Rab8 17. a3 a5 18. Qd1 b4 19. cxb4 Bxg3 20. hxg3 axb4 21.
Ne5 Qb6 22. Nxc6 Rxc6 23. Rxc6 Qxc6 24. Qc1 Qb7 25. a4 Qa7 26. b3 Qxd4 27. Nf3
Qb6 28. Qf4 Rc8 29. Ne5 Rc3 30. Rc1 Qc7 31. Rb1 Ne4 32. f3 g5 33. Qxf7+ Qxf7
34. Nxf7 Nd2 35. Rb2 Kxf7 36. Rxd2 Rxb3 37. a5 Ra3 38. Rb2 b3 39. g4 Kf6 40. a6
Ke5 41. a7 Kd4 42. Rxb3 Rxa7 43. Rb6 Ra1+ 44. Kf2 Ra2+ 45. Kg1 Ke5 46. g3 d4
47. Rb5+ Kf6 48. Rb3 Ke5 49. Rb5+ Kd6 50. Rb6+ Kd5 51. Kf1 d3 52. Rb1 Rh2 53.
Kg1 Rc2 54. Kf1 Kd4 55. Rd1 Ke3 56. Re1+ Kxf3 0-1

[Event "Kasseler Schachtage Gruppe A"]
[Site "Vellmar"]
[Date "2009.07.31"]
[Round "3.14"]
[White "Schein, Henning"]
[Black "Ruff, Maximilian"]
[Result "1/2-1/2"]
[WhiteElo "1787"]
[BlackElo "1986"]
[PlyCount "43"]
[EventDate "2009.??.??"]
[EventCountry "GER"]
[WhiteTeam "SC 1947 Immenhausen"]
[BlackTeam "SC Brandeck-Turm Ohlsbach e.V."]

1. d4 Nf6 2. c4 c5 3. d5 b5 4. cxb5 a6 5. bxa6 g6 6. Nc3 Bxa6 7. Nf3 Bg7 8. g3
O-O 9. Bg2 d6 10. O-O Nbd7 11. Rb1 Qc7 12. Qc2 Bc4 13. Nd2 Ba6 14. h3 Rfb8 15.
f4 Nb6 16. Re1 Nh5 17. Kh2 Nc4 18. Nxc4 Bxc4 19. b3 Bb5 20. a4 Bd7 21. e4 Bd4
22. Bb2 1/2-1/2

[Event "Kasseler Schachtage Gruppe A"]
[Site "Vellmar"]
[Date "2009.07.31"]
[Round "3.16"]
[White "Powalla, Klaus"]
[Black "Braun, Ingram"]
[Result "1-0"]
[WhiteElo "1885"]
[BlackElo "1972"]
[PlyCount "85"]
[EventDate "2009.??.??"]
[EventCountry "GER"]
[WhiteTeam "SV CAISSA e. V. Kassel"]
[BlackTeam "ESV Rot-Weiß Göttingen"]

1. e4 c5 2. b3 Nc6 3. Bb2 d6 4. Bb5 Bd7 5. f4 Nf6 6. d3 Qa5+ 7. Nc3 g6 8. Nf3
Bg7 9. O-O O-O 10. Bxc6 Bxc6 11. Ne2 b5 12. h3 Bb7 13. a4 bxa4 14. Rxa4 Qb6 15.
Qc1 Bc6 16. Ra2 a5 17. Qd2 a4 18. bxa4 Rxa4 19. Rxa4 Bxa4 20. Ra1 Qxb2 21. Rxa4
Qb6 22. Kh2 h6 23. Nc3 e6 24. Nd1 Rb8 25. c4 Kh7 26. Nc3 Ne8 27. e5 Bf8 28. Qa2
Nc7 29. Ne4 Qc6 30. Ra7 Kg7 31. exd6 Bxd6 32. Qa1+ Kg8 33. Ne5 Bxe5 34. Qxe5
Rc8 35. Nf6+ Kf8 36. Ng4 Qb6 37. Qh8+ Ke7 38. Qf6+ Kd6 39. Ra1 Rf8 40. Ne5 Qb8
41. Nxf7+ Kd7 42. Qg7 Kc6 43. Ne5+ 1-0